La Actualidad : periódico político periódico político
Descripción Física:
42 cm
Materias:
Política -- Revistes
MARC
| LEADER | 00000nam a2200000Ia 4500 | ||
|---|---|---|---|
| 001 | |||
| 008 | 160829s1852 xx 000 0 cat d | ||
| 008 | 160829s9999 xx 000 0 cat d | ||
| 080 | |a Revistes | ||
| 245 | |a La Actualidad : |b periódico político | ||
| 260 | |a [Barcelona] : |b Imp. de la Actualidad, |c 1852 | ||
| 300 | |a 42 cm | ||
| 362 | |a Año 1, no. 1 (1 feb. 1852)-(16 oct. 1852) | ||
| 590 | |a Diària. | ||
| 590 | |a Descripció basada en: Año 1, no. 4 (4 febr. 1852). | ||
| 590 | |a Prové de 895, exp. 4, núm. 21 | ||
| 650 | |a Política |x Revistes |9 47958 | ||
| 866 | |a 1852 (4) | ||
| 901 | |a Arxiu | ||
| 942 | |n 1 | ||
| 952 | |0 0 |1 0 |4 0 |6 REVISTES |7 1 |9 54233 |a Arxiu |b Arxiu |d 2016-12-01 |l 0 |o Revistes |r 2016-12-01 00:00:00 |w 2016-12-01 |y ARXIU | ||
| 999 | |c 58102 |d 58102 | ||